| 000 | 00582nam a2200181Ia 4500 | ||
|---|---|---|---|
| 008 | 090123s9999 xx 000 0 und d | ||
| 082 | _b13395 | ||
| 100 | _aकुलकर्णी भीमराव | ||
| 245 | _aभाऊ साहेबांची बखर | ||
| 250 | _a2 | ||
| 260 | _c1969 | ||
| 300 | _a256 | ||
| 600 | _aकुलकर्णी भीमराव | ||
| 630 | _aभाऊ साहेबांची बखर | ||
| 700 | _aकुलकर्णी भीमराव | ||
| 730 | _aभाऊ साहेबांची बखर | ||
| 942 | _cBOOK | ||
| 999 |
_c51457 _d51457 |
||